000 00497nam a2200205Ia 4500
003 OSt
005 20240404122537.0
008 210210b1922 xxu||||| |||| 00| 0 eng d
040 _cAL
041 _aeng
082 _a520/37
100 _aCLANCEY (J C)
_9158492
245 _aSimplified stellar maps and aspects of the night sky
250 _a2
260 _aBombay
_bThe Times of India Press
_c1922
300 _a210
690 _aAstronomy
_9158499
906 _a008022
942 _2ddc
_cBK
999 _c125957
_d125957